Psicología : modulo 1 /

Guardado en:
Formato: Libro
Publicado: Buenos Aires : Eudeba, 1991
Etiquetas: Agregar Etiqueta
Sin Etiquetas, Sea el primero en etiquetar este registro!
LEADER 00354nam a22001335a 4500
001 CEM.cems007387
005 20060214000000.0
008 130507s1991##################000#0#####d
003 CEMS
082 0 4 |a 150 
245 0 0 |a Psicología :  |b modulo 1 / 
260 |a Buenos Aires :  |b Eudeba,  |c 1991 
300 |a 46 p. 
859 |a CEMS  |b BIB. CEMS - 11 de abril  |h 150  |i B862/1  |p 67.99  |t Ej.1